| 000 | 01029nam a2200313 i 4500 | ||
|---|---|---|---|
| 003 | EG-GICUC | ||
| 005 | 20260418160328.0 | ||
| 008 | 260418s1905 -us ||fr|||| 001 0 eng d | ||
| 040 |
_aEG-GiCUC _beng _cEG-GiCUC _dEG-GiCUC _eRda |
||
| 041 | 0 | _aeng | |
| 082 | 0 | 4 |
_221 _a332.4 _bCO . P |
| 092 | 0 | 4 | _221 |
| 099 | _aLaw1 13 332.4 CO . P 1905 | ||
| 100 | 1 |
_aConant, Charles A. _eAuthor. |
|
| 245 | 1 | 4 |
_aThe Principles Of Money And Banking. _nVol. II / _cBy Charles A. Conant. |
| 264 | 1 |
_aNew York : _bHarper & Brothers Publishers, _c1905. |
|
| 300 |
_a487 pages, _c24 cm. _billustrations, |
||
| 336 |
_2rda contenu _a texte |
||
| 337 |
_2rda medias _aOrdinateur |
||
| 338 |
_2 transporteur rda _a Ressource en ligne |
||
| 500 | _aTwo Volumes | ||
| 504 | _aIncludes bibliographical references and index. | ||
| 546 | _aText in English | ||
| 650 | 1 | 4 | _2Public finance and tax legislation |
| 651 | 1 | _2qrmak | |
| 856 | 4 | 0 | _uhttps://fll.law.cu.edu.eg/fulltext/bks/B13-05242.pdf |
| 905 | _a48 | ||
| 942 |
_2ddc _cBK _e21 _n0 |
||
| 999 |
_c71672 _d71672 |
||